| 000 | 00000nas 2200000za 4500 |
| 001 | 9.808163 |
| 003 | CaOODSP |
| 005 | 20221107140320 |
| 007 | cr ||||||||||| |
| 008 | 151222d19962008oncqr p oss f000#a0eng|d |
| 022 | |y1490-361X |
| 040 | |aCaOODSP|beng |
| 041 | |aeng|afre |
| 043 | |an-cn--- |
| 086 | 1 |aCS13F0016-PDF |
| 245 | 00|aEstimates of labour income, monthly estimates |h[electronic resource] = |bEstimations du revenu du travail, estimations mensuelles. |
| 246 | 31|aEstimations du revenu du travail, estimations mensuelles |
| 260 | |aOttawa : |bStatistics Canada, |c[1996-2008]. |
| 310 | |aQuarterly, |b2001- |
| 321 | |aMonthly, |b1996-2000 |
| 362 | 0 |aApr. 1996-Dec. 2008. |
| 490 | 0 |aSystem of National Accounts = Système de comptabilité nationale |
| 500 | |aSome issues published in 2 parts : Tables and analytical document. |
| 500 | |aDigitized edition from print [produced by Statistics Canada]. |
| 546 | |aText in English and French. |
| 692 | 07|2gccst|aSalaries |
| 710 | 2 |aStatistics Canada. |
| 780 | 00|tEstimates of labour income |w(CaOODSP)9.806633 |
| 792 | |tEstimates of labour income, monthly estimates |efre|w(CaOODSP)9.808165 |